World History for Nerds #5 - Statistics

General Stats
  • This quiz has been taken 52 times
  • The average score is 8 of 15
Answer Stats
Hint Answer % Correct
Since 1066, how many King Edwards has Britain had? 8
88%
Who was the Emperor of Japan in the From 1926-1989? Hirohito
81%
What was the codename given to the project to develop the atomic bomb? Manhattan
81%
On September 19th, the Soviet Union joined the 'League of _____'? Nations
81%
Which country took control of Samoa in 1951? United States
81%
Which future President married Nancy Davis in 1952? Ronald Reagan
75%
In what year did the Nazi Party gain its first Ministers? 1930
58%
Queen Beatrix was born on 31 January 1938 and was queen of which country until she abdicated? Netherlands
58%
In which year was Che Guevara executed? 1967
52%
Which baseball team won the World Series in 1941, 1943, 1947, and 1949? Yankees
38%
Who was Henry VIII's third wife? Jane Seymour
33%
Which King Louis of France died in 1715? Louis XIV
25%
Which English King had the longest reign George III
23%
Which Pope died in 1978? Paul VI
13%
Who is the 12th King or Queen starting from William the Conqueror (Counting Him As 1) Richard II
8%
No matching quizzes found
Score Distribution
Percent of People with Each Score
Percentile by Number Answered
Your Score History
You have not taken this quiz